000 00395nam a2200145Ia 4500
005 20251222152712.0
008 251222s9999||||xx |||||||||||||| ||spa||
020 _a8476355998
082 _a465.07/G96
100 _aGutierrez Araus, Maria Luz
245 0 _aProblemas Fundamentales de La Grámatica del Español como 2/L
250 _a1ra.ed.
264 _bEditorial Arco Libros
942 _cLIB
999 _c29250
_d29250